| 000 | 00694nam a2200253Ia 4500 | ||
|---|---|---|---|
| 003 | OSt | ||
| 005 | 20220925195440.0 | ||
| 006 | a|||||r|||| 00| 0 | ||
| 007 | ta | ||
| 008 | 220923b |||||||| |||| 00| 0 eng d | ||
| 020 | _a0256033943 | ||
| 037 | _cGeneral Book | ||
| 040 |
_aRTL _cRTL _beng |
||
| 041 |
_2eng _aeng |
||
| 082 | _aX93:8, L7;M6 | ||
| 100 |
_aStarling Grover _9237691 |
||
| 245 | 0 | _aManaging the public sector | |
| 250 | _a3rd | ||
| 260 |
_aChicago _bDorsey Press _c1986 |
||
| 300 |
_axx, 555p. Bibliography p.541-55 _ccm. |
||
| 650 | _aPublic Sector Economics | ||
| 942 |
_hX93:8, L7;M6 _cGB _2CC |
||
| 999 |
_c532975 _d532975 |
||